000 00372nam a22001217a 4500
999 _c9420
_d9420
003 OSt
008 201203b ||||| |||| 00| 0 eng d
245 _aNew Cloth Market
250 _a2007( Jan Vol.21 No.1, Feb Vol.21 No.2, Mar Vol.21 No.3, Apr Vol.21 No.4, May Vol.21 No.5, Jun Vol.21 No.6 )
260 _aAhmedabad
_bIIMS
650 _aTextile Engineering
942 _2ddc
_cBV